| 000 | 00391nam a22001697a 4500 | ||
|---|---|---|---|
| 005 | 20231121090812.0 | ||
| 008 | 231113b |||||||| |||| 00| 0 eng d | ||
| 020 | _a9780131757387 | ||
| 082 |
_a004.22 _bMAN |
||
| 100 | _aMano; M. Morris | ||
| 245 | _aComputer system architecture | ||
| 250 | _a3rd ed. | ||
| 300 | _a525 | ||
| 500 | _aInclude Index | ||
| 650 | _aComputer | ||
| 999 |
_c34713 _d34713 |
||